Places that begin with 'Cape' Quiz Stats

 Plays Quiz not verified by Sporcle

Challenge
Share
Tweet
Embed
Score 0/31 Timer 02:00
0 Plays Today
% Correct
of Good Hope
98.5%
Cod
95.5%
Town
95.5%
Verde
93.9%
Horn
93.9%
Canaveral
90.9%
Coral
90.9%
Fear
90.9%
Breton
86.4%
Elizabeth
83.3%
Hatteras
83.3%
May
81.8%
Girardeau
80.3%
Lookout
78.8%
Ann
77.3%
York
77.3%
% Correct
Liberty
75.8%
Santa Maria
74.2%
Vincent
71.2%
San Blas
65.2%
Eleuthera
63.6%
Sable
63.6%
Wind
63.6%
Zanpa
60.6%
Bojador
59.1%
George
59.1%
Neddick
59.1%
Romano
59.1%
Perpetua
56.1%
Romain
51.5%
Juby
47%

You're not logged in!

Compare scores with friends on all Sporcle quizzes.
OR
Log In

You Might Also Like...

Show Comments

Extras

Top Quizzes Today


Score Distribution

Your Account Isn't Verified!

In order to create a playlist on Sporcle, you need to verify the email address you used during registration. Go to your Sporcle Settings to finish the process.

Report this User

Report this user for behavior that violates our Community Guidelines.

Details: